Agropecuarias 3

Uloženo v:
Podrobná bibliografie
Hlavní autor: Gómez, José Antonio (Autor)
Médium: Kniha
Jazyk:španělština
Vydáno: Bogotá Ministerio de Educación Nacional 1990
Edice:Programa Escuela Nueva
Témata:
Tagy: Přidat tag
Žádné tagy, Buďte první, kdo vytvoří štítek k tomuto záznamu!

MARC

LEADER 00000nam a2200000 a 4500
001 UCW7785
003 CL-VaPUC
008 930903e19900000CK |||||||||||||||||spa|d
082 0 4 |a 372.357  |b GOM  |2 21 
100 0 |a Gómez, José Antonio  |e author  |9 313004 
245 1 0 |a Agropecuarias 3 
300 |a 55 p 
942 |c BK 
945 |d 19930903 00:00:00 
260 |a Bogotá  |b Ministerio de Educación Nacional  |c 1990 
650 0 |a Ciencia   |x Enseñanza  |9 308112 
583 |a last modification  |c 19930903 00:00:00  |k Rodrigo Vera 
490 0 |a Programa Escuela Nueva 
999 |c 220446  |d 220444 
952 |0 0  |1 0  |4 0  |6 372_357000000000000_GOM_1990  |7 0  |8 P  |9 212670  |a BIBEDU  |b BIBEDU  |c BIBEDU_PB  |d 2019-11-15  |i 2808455  |o 372.357 GOM 1990  |p 2808455  |r 2024-01-25  |w 2019-11-15  |y BK  |k EDU